000 004350000a22001810004500
003 MACL
005 20160508122940.0
008 160508b xxu||||| |||| 00| 0 eng d
040 _aMACL
_cMACL
041 _aEnglish
082 _a780 PUR
100 _aPurecha,Dr. Sandhya
_955680
245 _aSangita Darpanam
260 _aMumbai
_bShri Sarfojiraje
_c2008
350 _a350
650 _aMusic
_955681
942 _cBK
_k780/PUR
_2ddc
999 _c47878
_d47878